书目信息 |
| 题名: |
中小学课程和教学
|
|
| 作者: | ;人民教育出版社《外国教育丛书》编辑组 编 | |
| 分册: | ||
| 出版信息: | 北京 人民教育出版社 1980 |
|
| 页数: | 218页 | |
| 开本: | 19cm | |
| 丛书名: | 外国教育丛书 | |
| 单 册: | ||
| 中图分类: | G632.3 , G512 | |
| 科图分类: | ||
| 主题词: | 课程--中学 , 课程--小学 , 小学-教学理论 , 中学-教学理论 , 教学理论-中学 , 教学理论-小学 | |
| 电子资源: | ||
| ISBN: | ||
| 000 | 00951nam2 2200325 45 | |
| 001 | 0180001117 | |
| 005 | 20071116110558.46 | |
| 010 | @dCNY0.52 | |
| 091 | @a7012.097 | |
| 100 | @a19950615d1980 em y0chiy0121 ea | |
| 101 | 0 | @achi |
| 102 | @aCN@b110000 | |
| 105 | @ay z 000yy | |
| 200 | 10 | @a中小学课程和教学@Azhong xiao xue ke cheng he jiao xue@f人民教育出版社《外国教育丛书》编辑组编 |
| 210 | @a北京@c人民教育出版社@d1980 | |
| 215 | @a218页@d19cm | |
| 225 | 2 | @a外国教育丛书 |
| 410 | 0 | @120010@a外国教育丛书 |
| 606 | @a课程@x中学 | |
| 606 | @a课程@x小学 | |
| 606 | @a小学-教学理论 | |
| 606 | @a中学-教学理论 | |
| 606 | @a教学理论-中学 | |
| 606 | @a教学理论-小学 | |
| 690 | @aG632.3@v3 | |
| 690 | @aG512 | |
| 711 | 02 | @a人民教育出版社《外国教育丛书》编辑组@Aren min jiao yu chu ban she《 wai guo jiao yu cong shu》 bian ji zu@4编 |
| 801 | 0 | @aCN@b上海图书馆@c20071116 |
| 801 | 2 | @aCN@bNLC@c20060810 |
| 905 | @dG512@e45 | |
| 中小学课程和教学/人民教育出版社《外国教育丛书》编辑组编.-北京:人民教育出版社,1980 |
| 218页;19cm.-(外国教育丛书) |
| ISBN :CNY0.52 |
| ● |
| 相关链接 |
|
|
|
|
正题名:中小学课程和教学
索取号:G512/45
 
预约/预借
| 序号 | 登录号 | 条形码 | 馆藏地/架位号 | 状态 | 备注 |
| 1 | 0035779 | 000462216 | 密集书库/ [索取号:G512/45] | 在馆 | |
| 2 | 0448594 | 204485949 | 密集书库/ [索取号:G512/45] | 在馆 | |
| 3 | 0454041 | 204540416 | 密集书库/ [索取号:G512/45] | 在馆 |